00381nam a2200121Ia 45000010005000000080041000050820020000461000062000662450072001282600018002009010026002189990015002443198241024s9999 xx 000 0 und d aRD/333.07/R426t aRepública Dominicana. Ministerio de Educación, MINERD 0aTerrenos que estan siendo ubicados por las instituciones del Estado bSanto Domingo a4/9/2013 4:00:27 p.m. c9711d9711